zpět

Detail výsledku týmu

Na Baronce, Humpolec

Datum a čas kvízu

37 Celkem bodů Celkový počet nahraných bodů na tomto kvízu bez doplňovacích otázek.
3. Pořadí na kvízu Konečné umístění týmu na tomto kvízu.

Zaznamenané odpovědi

# Otázka Odpověď Body Výsledky
1. Čtvrt roku byli na cestě a ura... D) Velorex 1
2. Minulý týden se na internetu o... vysokozdvižný vozík (ještěrku) 1
3. V noci ze středy na čtvrtek by... Jimmy Kimmel 1
4. Společnost China Eastern Airli... Buenos Aires 1
5. Jak se jmenuje český skokan do... Jan Štefela 1
6. Ve spolupráci s Radou Evropy j... 1B 2C 3D 4A 1
7. Co znamená maďarské slovo hétf... pondělí 0
8. Jak se na V jmenuje autonomní... Vojvodina 1
9. Která z těchto knih nebyla nap... B 1
10. Pozoruhodným jazykem je velšti... slunéčko (beruška) 0